|
|
|
|
| LEADER |
02498nam a2200541 i 4500 |
| 001 |
EBC3327348 |
| 003 |
MiAaPQ |
| 005 |
20200520144314.0 |
| 006 |
m o d | |
| 007 |
cr cnu|||||||| |
| 008 |
080822t20112011inu ob 001 0 eng|d |
| 020 |
|
|
|z 9780865977532 (hardcover : alk. paper)
|
| 020 |
|
|
|z 0865977534
|
| 020 |
|
|
|z 9780865977549 (pbk.)
|
| 020 |
|
|
|z 0865977542 (pbk.)
|
| 020 |
|
|
|a 9781614878940
|q (electronic bk.)
|
| 035 |
|
|
|a (MiAaPQ)EBC3327348
|
| 035 |
|
|
|a (Au-PeEL)EBL3327348
|
| 035 |
|
|
|a (CaPaEBR)ebr10701220
|
| 035 |
|
|
|a (CaONFJC)MIL495096
|
| 035 |
|
|
|a (OCoLC)929118626
|
| 040 |
|
|
|a MiAaPQ
|b eng
|e rda
|e pn
|c MiAaPQ
|d MiAaPQ
|
| 050 |
|
4 |
|a JC481
|b .V63 2011
|
| 082 |
0 |
|
|a 321.9
|2 22
|
| 100 |
1 |
|
|a Von Mises, Ludwig,
|d 1881-1973.
|
| 245 |
1 |
0 |
|a Omnipotent government :
|b the rise of the total state and total war /
|c Ludwig von Mises ; edited and with a foreword by Bettina Bien Greaves.
|
| 264 |
|
1 |
|a Indianapolis :
|b Liberty Fund,
|c [2011]
|
| 264 |
|
4 |
|c 2011
|
| 300 |
|
|
|a 1 online resource (351 pages).
|
| 336 |
|
|
|a text
|2 rdacontent
|
| 337 |
|
|
|a computer
|2 rdamedia
|
| 338 |
|
|
|a online resource
|2 rdacarrier
|
| 490 |
1 |
|
|a Liberty Fund library of the works of Ludwig von Mises
|
| 500 |
|
|
|a "Firstitle pageblished in 1944 by Yale University Press"--Title page verso.
|
| 504 |
|
|
|a Includes bibliographical references and index.
|
| 505 |
0 |
|
|a part I. The collapse of German liberalism -- part II. Nationalism -- part III. German Nazism -- part IV. The future of western civilization.
|
| 588 |
|
|
|a Description based on online resource; title from PDF title page (ebrary, viewed October 14, 2013).
|
| 590 |
|
|
|a Electronic reproduction. Ann Arbor, MI : ProQuest, 2015. Available via World Wide Web. Access may be limited to ProQuest affiliated libraries.
|
| 650 |
|
0 |
|a Totalitarianism.
|
| 650 |
|
0 |
|a National socialism.
|
| 650 |
|
0 |
|a Economic policy.
|
| 650 |
|
0 |
|a International relations.
|
| 655 |
|
4 |
|a Electronic books.
|
| 700 |
1 |
|
|a Greaves, Bettina Bien.
|
| 776 |
0 |
8 |
|i Print version:
|a Von Mises, Ludwig.
|t Omnipotent government : the rise of the total state and total war.
|d Indianapolis : Liberty Fund, [2011]
|h xvi, 331 pages ; 24 cm.
|k Liberty Fund library of the works of Ludwig von Mises
|z 9780865977549
|w (OCoLC)ocn244476586
|w (DLC)tmp00000000
|
| 797 |
2 |
|
|a ProQuest (Firm)
|
| 800 |
1 |
|
|a Von Mises, Ludwig,
|d 1881-1973.
|t Works.
|f 2005.
|
| 856 |
4 |
0 |
|u https://ebookcentral.proquest.com/lib/matrademy/detail.action?docID=3327348
|z Click to View
|